Psicología para enfermeras / (Record no. 143749)

MARC details
000 -LEADER
campo de control de longitud fija 00655nam a2200217 4500
001 - NÚMERO DE CONTROL
campo de control 143749
003 - IDENTIFICADOR DE NÚMERO DE CONTROL
campo de control ES-MaACL
005 - FECHA Y HORA DE LA ÚLTIMA TRANSACCIÓN
campo de control 20250822062553.0
007 - CAMPO FIJO DE DESCRIPCIÓN FÍSICA--INFORMACIÓN GENERAL
campo de control de longitud fija t|
008 - DATOS DE LONGITUD FIJA--INFORMACIÓN GENERAL
campo de control de longitud fija 070214s1963 sp r ||||1| spa d
100 1# - ENTRADA PRINCIPAL--NOMBRE DE PERSONA
Nombre de persona Sheehy, Mary Maurice.
9 (RLIN) 106047
245 10 - MENCIÓN DEL TÍTULO
Título Psicología para enfermeras /
Mención de responsabilidad, etc. Mary Maurice Sheehy, Francis L. Harmon ; traducción de Arturo de la Orden.
260 ## - PUBLICACIÓN, DISTRIBUCIÓN, ETC.
Lugar de publicación, distribución, etc. Madrid :
Nombre del editor, distribuidor, etc. Rialp,
Fecha de publicación, distribución, etc. 1963.
300 ## - DESCRIPCIÓN FÍSICA
Extensión 295 p. ;
Dimensiones 22 cm.
650 #7 - PUNTO DE ACCESO ADICIONAL DE MATERIA--TÉRMINO DE MATERIA
Término de materia o nombre geográfico como elemento de entrada Psicología
Fuente del encabezamiento o término embne
9 (RLIN) 16540
650 #7 - PUNTO DE ACCESO ADICIONAL DE MATERIA--TÉRMINO DE MATERIA
9 (RLIN) 148918
Término de materia o nombre geográfico como elemento de entrada Enfermeras
700 1# - ENTRADA AGREGADA--NOMBRE PERSONAL
Nombre de persona Harmon, Francis L.
9 (RLIN) 61864
700 1# - ENTRADA AGREGADA--NOMBRE PERSONAL
Nombre de persona Orden, Arturo de la.
9 (RLIN) 87176
942 ## - ELEMENTOS DE ENTRADA SECUNDARIOS (KOHA)
Fuente del sistema de clasificación o colocación Clasificación decimal universal
Holdings
Estatus retirado Estado de pérdida Estado de daño No para préstamo Biblioteca de origen Biblioteca actual Ubicación en estantería Fecha de adquisición Fuente de adquisición Total de préstamos Signatura topográfica completa Código de barras Visto por última vez Precio de reemplazo Tipo de ítem Koha
        Biblioteca del Ateneo de Madrid Biblioteca del Ateneo de Madrid Depósito 2 17/01/2008     C-25395 1149558 23/02/2023 23/02/2023 Libro impreso